Children of British Monarchs #1 - Normandy - Statistics

General Stats
  • This quiz has been taken 579 times
  • The average score is 9 of 12
Answer Stats
Hint Answer % Correct
Henry I 2 2 William Adelin
100%
William I 3 3 William II
100%
William I 4 4 Henry I
98%
Henry I 1 1 Empress Matilda
90%
William I 7 7 Matilda of Normandy
89%
William I 1 1 Robert Curthose
88%
William I 2 2 Richard of Normandy
83%
William I 8 8 Constance of Normandy
58%
William I 5 5 Adeliza of Normandy
56%
William I 9 9 Adela of Normandy
50%
William I 6 6 Cecilia of Normandy
38%
William I 10 10 Agatha of Normandy (?)
35%
No matching quizzes found
Score Distribution
Percent of People with Each Score
Percentile by Number Answered
Your Score History
You have not taken this quiz